All the Pretty Girls - KALEO lyrics - Statistics

General Stats
  • This quiz has been taken 9 times
  • The average score is 146 of 195
Answer Stats
Lyrics % Correct
a
100%
all
100%
girls
100%
I
100%
it
100%
pretty
100%
the
100%
and
88%
can
88%
come
88%
doesn't
88%
down
88%
hand
88%
handle
88%
he
88%
is
88%
just
88%
lay
88%
like
88%
love
88%
me
88%
me,
88%
more
88%
no
88%
off
88%
oh
88%
really
88%
share
88%
than
88%
to
88%
you
88%
anything
75%
as
75%
but
75%
fair
75%
feet
75%
for
75%
hidden
75%
I'll
75%
it's
75%
life
75%
older
75%
on
75%
Samuel
75%
so
75%
sweep
75%
their
75%
them
75%
they
75%
turn
75%
wait
75%
won't
75%
again
63%
alone
63%
feel
63%
foolish
63%
have
63%
he'll
63%
helping
63%
in
63%
know
63%
knows
63%
making
63%
one
63%
only
63%
pride
63%
see
63%
smaller
63%
soon
63%
waited
63%
beneath
50%
by
50%
getting
50%
hard
50%
harder
50%
heaven
50%
keeps
50%
lends
50%
long
50%
my
50%
now
50%
takes
50%
toll
50%
tried
50%
water
50%
although
38%
before
38%
how
38%
light?
38%
naked
38%
oh oh
38%
ooh ooh
38%
play
38%
sail
38%
whoo
38%
No matching quizzes found
Score Distribution
Percent of People with Each Score
Percentile by Number Answered
Your Score History
You have not taken this quiz